Philippines Cities - Sudden Death #2 - Statistics

General Stats
  • This quiz has been taken 39 times
  • The average score is 10 of 20
Answers on the Grid
Answers color-coded by a green-red scale on the quiz's grid according to % correct below.
Jomalig
Imus
Angeles
Cauayan
Butuan
San Carlos
Toledo
Brooke's Point
Isabela
Jolo
Coron
Lipa City
San Pablo City
Lucena City
Valenzuela
San Miguel
Pasig City
Dagupan City
Bolinao
City of Batac
City of New Mandaluyong
Pasay River City
Santo Domingo
Luzon City
Estrada City
Bukid City
Port of Camiguin City
Kota Kinabalu
North Pagadian
Burgos City
East Vigan City
Catanduanes City
Banago City
Baha City
Magellan City
New Angeles City
Pres. of Marcos City
Virgo City
Visayas City
East Cordova City
 
Answer Stats
Answer % Correct
Dagupan City
69%
Lipa City
69%
Pasig City
69%
Angeles
65%
Imus
65%
Butuan
62%
Valenzuela
62%
Lucena City
58%
San Pablo City
58%
Toledo
58%
Cauayan
50%
San Carlos
50%
City of Batac
46%
Bolinao
42%
Jolo
42%
Isabela
38%
San Miguel
38%
Coron
23%
Jomalig
15%
Brooke's Point
8%
No matching quizzes found
Score Distribution
Percent of People with Each Score
Percentile by Number Answered
Your Score History
You have not taken this quiz